| 000 | 00601nam a22002057a 4500 | ||
|---|---|---|---|
| 003 | SISC | ||
| 005 | 20160301100131.0 | ||
| 008 | 130830t xxu||||| |||| 00| 0 eng d | ||
| 020 | _a9789812744500 | ||
| 050 |
_aQA 3 _b.Y94 2008 |
||
| 082 |
_aHS 510 _bC41 2008 |
||
| 245 |
_aAdditional Mathematics [Algebra] : _bessential study guide - 0 Level / _cCheng Chung Yu |
||
| 250 | _a1st ed. | ||
| 260 |
_aSingapore : _bSingapore Asian Publications, _cc2008. |
||
| 300 |
_aiii, 68 p. : _bill. ; _c26 cm. |
||
| 650 |
_aMathematics _9210 |
||
| 650 |
_aAlgebra _911545 |
||
| 942 |
_2lcc _cBK |
||
| 999 |
_c10062 _d10062 |
||